000 02408nam2a22003131 4500
001 rc\4368031
005 20250612062309.0
021 _aRU
_b[69-54562]
035 _a(NLR Aleph) 008539643
090 _a8339082
_c8339082
100 _a20130416d1971 |||y0rusy50 ca
101 0 _arus
102 _aRU
105 _ay z |||||
200 1 _aРСФСР. Средний Урал. Период 1941-1945
_eВ 50 т.]
_f[Авт. М.П. Жуйкова, Г.Н. Папулов, Б.И. Чувашов и др.
_gСост. М.П. Жуйкова]
_gАН СССР. Уральск. филиал. М-во геологии СССР. Комис. по геол. изученности СССР. Ин-т геологии и геохимии. М-во геологии РСФСР. Уральск. территор. геол. упр.
_hВып. 1
_iОпубликованные работы
210 _aМосква
_cНаука
_d1971
215 _a234 с.
_d27
320 _aУказ. авт., предм.-систем., геогр., минералов, полезных ископаемых и месторождений: с. 217-233
461 0 _1001rc\4367873
_12001#$aГеологическая изученность СССР$e[Обзорные главы, рефераты, аннотации и библиогр. справки]$fГлав. ред.: ...В.В. Тихомиров (глав. ред.) [и др.]$gАН СССР. М-во геологии СССР. Комис. по геол. изученности СССР. Ордена Ленина Кольский филиал им. С.М. Кирова. Геол. ин-т Сев.-Зап. геол. упр. Т. 1-$vТ. 14
_98338148
_cЛенинград
_d1968-
_fГлав. ред.: ...В.В. Тихомиров (глав. ред.) [и др.]
_nНаука. Ленингр. отд-ние
_o[Обзорные главы, рефераты, аннотации и библиогр. справки]
_tГеологическая изученность СССР
_vТ. 14
606 _aГеология
_yСредний Урал (т. 14)
_2psbo
701 1 _aПапулов
_bГ.Н.
701 1 _4070
_7ca
_8rus
_aЧувашов
_bБ. И.
_f1935-2022
_gБорис Иванович
_9246779
_3RU\NLR\AUTH\770246835
701 1 _aЖуйкова
_bМ.П.
_4220
801 0 _aRU
_bNLR
_gpsbo
801 1 _aRU
_bELAR
_2rusmarc
852 _aNLR
_j61-7/560
942 _cBOOK
980 _aNB